Modern algebra / (Record no. 40965)

MARC details
000 -LEADER
fixed length control field 00700nam a22002177a 4500
005 - DATE AND TIME OF LATEST TRANSACTION
control field 20100811133228.0
010 ## - LCCN (DPL NO)
LC control number ENG-99484
020 ## - INTERNATIONAL STANDARD BOOK NUMBER
Terms of availability 85.00
International Standard Book Number 9788190860116
035 ## - SYSTEM CONTROL NUMBER
System control number EN-83016
037 ## - SOURCE OF ACQUISITION
Source of stock number/acquisition DBAD/PUB
082 ## - DEWEY DECIMAL CLASSIFICATION NUMBER
Classification number 512.02
100 ## - MAIN ENTRY--PERSONAL NAME
Personal name Geetha, S.
245 ## - TITLE STATEMENT
Title Modern algebra /
Statement of responsibility, etc by S.Geetha
260 ## - PUBLICATION, DISTRIBUTION, ETC. (IMPRINT)
Place of publication, distribution, etc Madurai
Name of publisher, distributor, etc Radhai Publications
Date of publication, distribution, etc 2008
270 ## - ADDRESS
Address 6, Shanthi Nagar
City Madurai
Postal code 625018
300 ## - PHYSICAL DESCRIPTION
Extent 127p.
Dimensions 20cm (pbk)
650 ## - SUBJECT ADDED ENTRY--TOPICAL TERM
Topical term or geographic name as entry element Algebra, abstracts
700 ## - ADDED ENTRY--PERSONAL NAME
9 (RLIN) 10878
942 ## - ADDED ENTRY ELEMENTS (KOHA)
Source of classification or shelving scheme Dewey Decimal Classification
Item type English Books
Classification part 512.02
Call number suffix GEE
Holdings
Withdrawn status Lost status Not for loan Collection code Home library Current library Date acquired Source of acquisition Cost, normal purchase price Full call number Barcode Copy number Cost, replacement price Koha item type
    Not For Loan Non-fiction D.B.Act.Division D.B.Act.Division 11/08/2010 DBAD/PUB 85.00 512.02 GEE EN-83016 1 85.00 English Books

© Delhi Public Library
Hit Counter
free hit counter